000 02579cam a22006974i 4500
003 PE-LiUPU
005 20250731170426.0
008 190207s2017 sp a rb 000 0 spa d
020 _a8415550839
020 _a9788415550839
035 _a(Sirsi) a251624
040 _aPE-LiUPU
_bspa
_cPE-LiUPU
_erda
049 _aPRUA
082 0 4 _a158.7
_bN8
_220
245 1 0 _aNuevas perspectivas en psicología de las organizaciones /
_cEditores Amparo Osca Segovia [y tres].
264 1 _aMadrid :
_bSanz y Torres,
_c2016.
300 _a385 páginas :
_bilustraciones ;
_c24 centímetros.
336 _atext
_2rdacontent
337 _aunmediated
_2rdamedia
338 _avolume
_2rdacarrier
490 0 _aUNED.
504 _aBibliografía al final de cada capítulo.
505 0 _aLas organizaciones y su psicología -- ambiente, estructuras organizacionales y gestión de los recursos humanos -- la incorporación a las organizaciones -- cultura e identidad organización -- liderazgo auténtico en las organizaciones -- desempeño activo en las organizaciones: iniciativa personal -- emprendimiento corporativo: creatividad e innovación en las organizaciones -- estrés laboral y prevención de riesgos psicosociales -- las organizaciones saludables.
526 _aSEG68
526 _aSEG70
526 _aSEG69
526 _aSEG67
526 _aSEG43
526 _aP144
526 _aP143
526 _aP131
526 _aP122
526 _aP120
526 _aP117
526 _aP112
526 _aP110
526 _aP106
526 _aP101
526 _aP80
526 _aP59
526 _aP54
526 _aP35
526 _aP33
526 _aP30
541 _g002-00000786;
650 0 4 _aPsicología del trabajo.
_93308
650 0 4 _aPsicología de las organizaciones.
650 0 4 _aDirección de empresas.
_93769
650 0 4 _aGestión de personal.
650 0 4 _aLiderazgo.
650 0 4 _aPsicología industrial.
_9346
650 0 4 _aPsicología social.
_91880
650 0 4 _aDinámica de grupos.
_9980
650 0 4 _aOrganización industrial
_xDiseño.
650 0 4 _aComunicación organizacional.
700 1 _aOsca-Segovia, Amparo,
_eeditor.
910 _adbm
_bksl
_cksl
_d20190207
596 _a1
942 _2ddc
_cBOOK
999 _a158.7 N8
_wDEWEY
_c30999
_i79822
_d30999
_e2019-4-1
_f2021-11-3
_g3
_lCCODEBUL1
_mBUL
_n2
_p29.79
_q5
_r0
_sY
_tBOOK
_u2019-2-7
_xSALUD
_zP33
_0COMPRA
_1FCOMPR2
_o.STAFF. Colección Ciencias de la Salud
980 _81
_gALBERTO SANCHEZ Responsable de Automatización